L'aspirant de marine / (Record no. 158835)

MARC details
000 -LEADER
campo de control de longitud fija 00971nam a2200253 i 4500
001 - NÚMERO DE CONTROL
campo de control 158835
003 - IDENTIFICADOR DE NÚMERO DE CONTROL
campo de control ES-MaACL
005 - FECHA Y HORA DE LA ÚLTIMA TRANSACCIÓN
campo de control 20251002203457.0
008 - DATOS DE LONGITUD FIJA--INFORMACIÓN GENERAL
campo de control de longitud fija 040906s1851 fr |||| | fre d
040 ## - FUENTE DE CATALOGACIÓN
Centro catalogador/agencia de origen CAM
Lengua de catalogación spa
Centro/agencia transcriptor CAM
080 ## - NÚMERO DE LA CLASIFICACIÓN DECIMAL UNIVERSAL
Número de la Clasificación Decimal Universal 821.111-31"18"
100 1# - ENTRADA PRINCIPAL--NOMBRE DE PERSONA
Nombre de persona Marryat, Frederick.
9 (RLIN) 188175
245 12 - MENCIÓN DEL TÍTULO
Título L'aspirant de marine /
Mención de responsabilidad, etc. par le capitaine Marryat ; traduction de la Bédollière.
250 ## - MENCION DE EDICION
Mención de edición Ed. ill. de 25 vign.
Resto de la mención de edición par Bertall.
260 ## - PUBLICACIÓN, DISTRIBUCIÓN, ETC.
Lugar de publicación, distribución, etc. Paris :
Nombre del editor, distribuidor, etc. publié par Gustave Barba,
Fecha de publicación, distribución, etc. [s.a.] (
Fabricante typographie Plon frères)
300 ## - DESCRIPCIÓN FÍSICA
Extensión 64 p. :
Otras características físicas il. ;
Dimensiones 31 cm.
490 1# - MENCIÓN DE SERIE
Mención de serie Romans populaires illustrés ;
Designación de volumen o secuencia 11
596 ## - NOTA AL PIE DE IMPRENTA
NOTA AL PIE DE IMPRENTA El catálogo de la BNF lo supone editado en [1851]
700 1# - ENTRADA AGREGADA--NOMBRE PERSONAL
Nombre de persona La Bédollière, Émile de,
Fechas asociadas al nombre 1812-1883
9 (RLIN) 152767
700 0# - ENTRADA AGREGADA--NOMBRE PERSONAL
Nombre de persona Bertall,
Fechas asociadas al nombre 1820-1882
9 (RLIN) 152766
830 0# - PUNTO DE ACCESO ADICIONAL DE SERIE-TÍTULO UNIFORME
Título uniforme Romans populaires illustrés ;
Designación de volumen o secuencia 11
9 (RLIN) 182208
852 ## - LOCALIZACIÓN
Ubicación ES-MaACL
Número de control de estantería R-1708(3)
Nota libre -- Enc. hol. en un vol. facticio
Holdings
Estatus retirado Estado de pérdida Estado de daño No para préstamo Biblioteca de origen Biblioteca actual Ubicación en estantería Fecha de adquisición Total de préstamos Signatura topográfica completa Código de barras Visto por última vez Precio de reemplazo Tipo de ítem Koha
        Biblioteca del Ateneo de Madrid Biblioteca del Ateneo de Madrid Depósito 17/01/2008   R-1708(3) 1166249 23/02/2023 23/02/2023 Libro impreso